000 00475cam a22001934a 4500
005 20250605164306.0
008 250528s ||||||||||||||||||||||||d
035 _a22250
020 _a9781444170115
040 _aGR-AtMCL
_bgre
_dGR-AtMCL
_eAACR2
245 1 _aRESEARCH METHODS AND STATISTICS IN PSYCHOLOGY
250 _a6
260 _bPsychology Press,
_c2014
300 _a773
700 1 _aCoolican Hugh
_9268
942 _cBK
999 _c7306
_d7306